书目信息 |
| 题名: |
现代路桥工程施工测量
|
|
| 作者: | 王登杰 主编 ;房栓社 , 王新文 副主编 | |
| 分册: | ||
| 出版信息: | 北京 中国水利水电出版社 2009.07 |
|
| 页数: | 206页 | |
| 开本: | 26cm | |
| 丛书名: | ||
| 单 册: | ||
| 中图分类: | U442 | |
| 科图分类: | ||
| 主题词: | 桥梁测量 | |
| 电子资源: | ||
| ISBN: | 978-7-5084-6660-6 | |
| 000 | 00956nam0 2200241 450 | |
| 001 | 613024 | |
| 005 | 20100806091934.51 | |
| 010 | @a978-7-5084-6660-6@dCNY39.00 | |
| 100 | @a20100515d2009 em y0chiy50 ea | |
| 101 | 0 | @achi |
| 102 | @aCN@b110000 | |
| 105 | @aa z 000yy | |
| 200 | 1 | @a现代路桥工程施工测量@Axian dai lu qiao gong cheng shi gong ce liang@f王登杰主编@g房栓社, 王新文副主编 |
| 210 | @a北京@c中国水利水电出版社@d2009.07 | |
| 215 | @a206页@c图@d26cm | |
| 330 | @a本书以公路与桥梁施工测量的基本技术为主要内容,重点介绍现代测量新技术在公路与桥梁工程施工中的应用,结合工程实例介绍了公路与桥梁工程施工测量的基本理论和最新方法,阐述了现代测量新技术和测量新方法在路桥工程施工、质量控制、工程监理及施工监控中的应用。 | |
| 606 | 0 | @a桥梁测量 |
| 690 | @aU442@v4 | |
| 701 | 0 | @a王登杰@Awang deng jie@4主编 |
| 702 | 0 | @a房栓社@Afang shuan she@4副主编 |
| 702 | 0 | @a王新文@Awang xin wen@4副主编 |
| 801 | @aCN@c20100515 | |
| 905 | @eW140@dU442@f5 | |
| 现代路桥工程施工测量/王登杰主编/房栓社, 王新文副主编.-北京:中国水利水电出版社,2009.07 |
| 206页:图;26cm |
| ISBN 978-7-5084-6660-6:CNY39.00 |
| 本书以公路与桥梁施工测量的基本技术为主要内容,重点介绍现代测量新技术在公路与桥梁工程施工中的应用,结合工程实例介绍了公路与桥梁工程施工测量的基本理论和最新方法,阐述了现代测量新技术和测量新方法在路桥工程施工、质量控制、工程监理及施工监控中的应用。 |
| ● |
| 相关链接 |
|
|
|
正题名:现代路桥工程施工测量
索取号:U442/W140
 
预约/预借
| 序号 | 登录号 | 条形码 | 馆藏地/架位号 | 状态 | 备注 |
| 1 | 997748 | 209977480 | 期刊室512/501自科库 84排1列3层/ [索取号:U442/W140] | 在馆 | |
| 2 | 997749 | 209977499 | 自科库501/501自科库 84排1列3层/ [索取号:U442/W140] | 在馆 | |
| 3 | 997750 | 209977505 | 土木与交通工程学院资料室/土木与交通学院资料室 1排1列1层/ [索取号:U442/W140] | 在馆 | |
| 4 | 997751 | 209977514 | 自科库501/501自科库 84排1列3层/ [索取号:U442/W140] | 在馆 | |
| 5 | 997752 | 209977523 | 土木与交通工程学院资料室/土木与交通学院资料室 1排1列1层/ [索取号:U442/W140] | 在馆 |